|
|
|
|
| LEADER |
00979nam a2200229 a 4500 |
| 001 |
1012443 |
| 008 |
090611s1983 ii b 000 0 eng d |
| 040 |
|
|
|a NIC
|c NIC
|
| 082 |
0 |
0 |
|a 307.140954
|a 221
|
| 100 |
1 |
|
|a DAbreo, Desmond.
|
| 245 |
1 |
0 |
|a Ideology and process of participatory evaluation /
|c Desmond DAbreo.
|
| 260 |
|
|
|a New Delhi :
|b Indian Social Institute,
|c c1983.
|
| 300 |
|
|
|a 53 p. ;
|c 22 cm.
|
| 490 |
1 |
|
|a Monograph series ;
|v 9
|
| 504 |
|
|
|a Includes bibliographical references (p. [51]-53).
|
| 541 |
1 |
|
|e 00001056
|
| 650 |
0 |
|
|a Community development
|x Evaluation.
|
| 650 |
0 |
|
|a Community development
|z India
|x Evaluation.
|
| 830 |
0 |
|
|a Monograph series (Indian Social Institute) ;
|v 9.
|
| 852 |
4 |
|
|a Ayesha Abed Library
|j General shelf
|
| 999 |
|
|
|c 1296
|d 1296
|
| 952 |
|
|
|0 0
|1 4
|2 ddc
|4 0
|6 307_140954000000000_DAB
|7 0
|9 1180
|a BRACUL
|b BRACUL
|c GEN
|d 2009-06-25
|g 188.00
|l 0
|o 307.140954 DAB
|p 3010001056
|r 2009-06-25
|t 1
|v 376.00
|w 2009-06-25
|y BK
|x Koha Inventory 2020
|